| 000 | 00734cam a22002533a 4500 | ||
|---|---|---|---|
| 001 | 24888 | ||
| 003 | PGUSA | ||
| 005 | 20140828083532.0 | ||
| 008 | 080321s2008||||xxu|||||s|||||000 | eng d | ||
| 040 |
_aPGUSA _beng |
||
| 042 | _adc | ||
| 050 | 4 | _aPT | |
| 245 | 1 | 0 |
_aGunnar et Nial : _bscènes et moeurs de la vieille Islande _h[electronic resource] |
| 260 |
_bProject Gutenberg, _c2008 |
||
| 506 | _aPublic domain in the USA. | ||
| 516 | _aElectronic text | ||
| 653 | _aLegends -- Iceland | ||
| 653 | _aSagas -- Translations into French | ||
| 700 | 1 |
_aGourdault, J. _q(Jules), _d1838- |
|
| 740 | 0 | _aNjáls saga. French | |
| 830 | 0 |
_aProject Gutenberg _v24888 |
|
| 856 | 4 | 0 | _uhttp://www.gutenberg.org/ebooks/24888 |
| 942 | _cEB | ||
| 999 |
_c254143 _d254143 |
||